| 000 | 01362nam a22003737a 4500 | ||
|---|---|---|---|
| 003 | CHAP | ||
| 005 | 20220329140223.0 | ||
| 008 | 971013s1986 r 00010 d | ||
| 010 | _a48741 | ||
| 011 | _a49713 | ||
| 035 | _a53863 | ||
| 040 | _cCHAP | ||
| 090 | _aTesis | ||
| 100 | 0 | 0 |
_aRíos Ruiz, Santa Ana. _999240 |
| 245 | _aLegibilidad, compresión y uso de tecnología por agricultores de dos comunidades del estado de Veracruz | ||
| 260 |
_aChapingo, Méx. : _bEl autor, _c1986 |
||
| 300 |
_a250 h. _b: ilus. |
||
| 502 | _aTesis (M. C. Esp. en Estudios del Desarrollo Rural) -- Colegio de Postgraduados. Centro de Estudios del Desarrollo Rural | ||
| 590 |
_aALEPH _b10 _c20130110 _lUCH01 _h1320 |
||
| 590 |
_aBATCH-UPD _b10 _c20130110 _lUCH01 _h0056 |
||
| 590 |
_aBATCH-UPD _b10 _c20130110 _lUCH01 _h1716 |
||
| 590 |
_aBATCH-UPD _b10 _c20130409 _lUCH01 _h2044 |
||
| 590 |
_aBATCH-UPD _b10 _c20130410 _lUCH01 _h1101 |
||
| 590 |
_aBATCH-UPD _b10 _c20130914 _lUCH01 _h0827 |
||
| 590 |
_aCONVERSION _b10 _c20130109 _lUCH01 _h1327 |
||
| 650 | 1 | 4 |
_aAgricultura _xInnovaciones tecnológicas. _91565 |
| 650 | 1 | 4 |
_aCampesinado _xVeracruz. _918047 |
| 650 | 1 | 4 |
_aEjidos _xVeracruz. _936035 |
| 650 | 1 | 4 |
_aLecturabilidad. _965502 |
| 901 | _aBK | ||
| 942 | _cFOLL | ||
| 949 |
_bBC _cTES _d-119175 _eTS1 _h18756 _i53863 _si |
||
| 949 |
_bBC _cTES _d-119176 _eTS2 _fc.2 _h18757 _i53863 _si |
||
| 999 |
_c48741 _d48741 |
||